[Event "Nordisk Mesterskab Ungdom U17 2026"]
[Site "Fredericia"]
[Date "2026.02.14"]
[Round "3.6"]
[White "Khoo Thwe, Louis"]
[Black "Oskarsson, Markus Orri"]
[Result "1/2-1/2"]
[WhiteElo "2252"]
[BlackElo "1989"]
[WhiteFideId "1538756"]
[BlackFideId "2320118"]
[EventDate "2026.02.13"]
[EventType "swiss"]
[EventRounds "6"]
[EventCountry "DEN"]
[SourceTitle "Live v. Fredericia Chess Club"]

1. e4 c5 2. Nf3 d6 3. d4 cxd4 4. Nxd4 Nf6 5. Nc3 Nc6 6. Bc4 Qb6 7. Nb3 e6 8. Be3 Qc7 9. f4 a6 10. Bd3 Be7 11. O-O O-O 12. g4 Nd7 13. Rf3 Qd8 14. Rh3 e5 15. f5 Bg5 16. Qd2 Bxe3+ 17. Qxe3 Qb6 18. Nd5 Qxe3+ 19. Rxe3 b5 20. c3 Rb8 21. Rd1 Nc5 22. Nxc5 dxc5 23. Bc2 a5 24. Red3 a4 25. a3 Na5 26. Ne7+ Kh8 27. Rd5 f6 28. Rxc5 Nc4 29. Nd5 Rd8 30. Kf2 Bd7 31. Ne3 Nxb2 32. Rb1 Nc4 33. Nxc4 bxc4 34. Rxc4 Bb5 35. Rc5 Rd2+ 36. Ke3 Rxc2 37. Rcxb5 Rxc3+ 38. Kd2 Rbc8 39. Rb8 Rc2+ 40. Kd3 Rc3+ 41. Kd2 Rc2+ 42. Kd1 h5 43. gxh5 Rc1+ 44. Rxc1 Rxb8 45. Rc4 Rb2 46. Rxa4 Rxh2 47. Rb4 Rxh5 48. a4 Rh2 49. Kc1 g5 50. fxg6 Kg7 51. Rb2 Rh1+ 52. Kc2 Ra1 53. Kb3 Kxg6 54. Rg2+ Kf7 55. Ra2 Rb1+ 56. Kc4 Ke6 57. a5 Kd6 58. a6 Rc1+ 59. Kb5 Rb1+ 60. Kc4 Rc1+ 61. Kd3 Rc8 62. a7 Ra8 63. Ra6+ Kc5 64. Ra1 Kb5 65. Ke3 Kc5 66. Kf3 Kd6 67. Kg4 Ke6 68. Ra6+ Kf7 69. Kf5 Kg7 70. Ra1 Kf7 71. Rh1 Kg7 72. Ra1 Kf7 73. Ra6 Kg7 74. Kg4 Kf7 75. Kf3 Kg6 76. Ra1 f5 77. Ra6+ Kg5 78. Ke3 Kg4 79. Rg6+ Kh5 80. Rg7 Kh6 81. Rb7 Kg6 82. Rb6+ Kg5 83. Ra6 Kg4 84. Rg6+ Kh5 85. exf5 Rxa7 86. Ke4 Re7 87. Re6 Rf7 88. Kxe5 Kg5 89. Rg6+ Kh5 90. Rg8 Kh6 91. f6 Kh7 92. Re8 Kg6 93. Rg8+ Kh7 94. Rg1 Ra7 95. Rh1+ Kg8 96. Kf5 Ra2 97. Rg1+ Kf7 98. Ke4 1/2-1/2

[Event "Nordisk Mesterskab Ungdom U17 2026"]
[Site "Fredericia"]
[Date "2026.02.14"]
[Round "3.7"]
[White "Jamil, Emil Jacobsen"]
[Black "Granlien, Aslak Sander"]
[Result "1-0"]
[WhiteElo "1789"]
[BlackElo "1400"]
[WhiteFideId "7204183"]
[EventDate "2026.02.13"]
[EventType "swiss"]
[EventRounds "6"]
[EventCountry "DEN"]
[SourceTitle "Live v. Fredericia Chess Club"]

1. c4 e5 2. g3 Bc5 3. Bg2 Nf6 4. Nc3 d6 5. e3 Be6 6. Bxb7 Nbd7 7. b3 Rb8 8. Bg2 O-O 9. Nge2 Bg4 10. O-O Qc8 11. h3 Bf5 12. d4 Bb6 13. Bb2 a6 14. Qd2 Re8 15. d5 Nc5 16. Kh2 Nce4 17. Qc1 h6 18. g4 Bg6 19. Ng3 Nxg3 20. fxg3 Nd7 21. e4 Nc5 22. Qc2 c6 23. Rae1 Ba5 24. Rd1 Re7 25. dxc6 Bxc3 26. Bxc3 Qxc6 27. Rd5 f6 28. h4 Bf7 29. Rdd1 Bg6 30. Rfe1 Ra7 31. h5 Bh7 32. Rd5 Kf8 33. Rb1 a5 34. a3 a4 35. Rbd1 Ke7 36. b4 Nb7 37. c5 Bg8 38. cxd6+ Kd7 39. Bf1 Bxd5 40. Rxd5 Nxd6 41. Qd3 Rab7 42. g5 Ke7 43. gxf6+ gxf6 44. Bd2 Rd7 45. Be3 Nxe4 46. Rxd7+ Qxd7 47. Qxe4 Qe6 48. Bc4 Qc8 49. Bc5+ Kd8 50. Qd5+ Qd7 51. Qxd7+ Kxd7 52. Kg2 Kc6 53. Kf3 Rd8 54. Ke4 Rd1 55. Be7 Rc1 56. Bf7 Rc3 57. Bxf6 Rxg3 58. Be8+ Kd6 59. Bxe5+ 1-0

[Event "Nordisk Mesterskab Ungdom U17 2026"]
[Site "Fredericia"]
[Date "2026.02.14"]
[Round "4.1"]
[White "Haug, Havard"]
[Black "Frydendahl, Noah Skotte"]
[Result "1/2-1/2"]
[WhiteElo "2412"]
[BlackElo "2055"]
[WhiteFideId "1547887"]
[BlackFideId "1473239"]
[EventDate "2026.02.13"]
[EventType "swiss"]
[EventRounds "6"]
[EventCountry "DEN"]
[SourceTitle "Live v. Fredericia Chess Club"]

1. d4 d5 2. Nf3 Nf6 3. c3 c6 4. Bg5 Nbd7 5. Nbd2 e6 6. e3 Be7 7. Bd3 O-O 8. O-O Re8 9. Qe2 Qc7 10. e4 dxe4 11. Nxe4 Nd5 12. Bxe7 Rxe7 13. Qc2 N7f6 14. c4 Nxe4 15. Bxe4 Nf6 16. c5 Bd7 17. Ne5 Nxe4 18. Qxe4 f6 19. Nc4 Be8 20. Nd6 Bg6 21. Qe3 e5 22. Rae1 Kf8 23. dxe5 Rxe5 24. Qc3 Rxe1 25. Rxe1 b6 26. h4 bxc5 27. Qxc5 Qb6 28. Qc1 Rd8 29. Nc4 Qc5 30. Qf4 Bf7 31. Qc7 Qd4 32. Na5 Qd7 33. Qxc6 Qxc6 34. Nxc6 Rd6 35. Rc1 Bxa2 36. Nxa7 Rb6 37. Rc8+ Kf7 38. Rc7+ Kg6 39. Nc8 Rxb2 40. Ne7+ Kh5 41. Nf5 g5 42. hxg5 fxg5 43. Ng3+ Kg6 44. Rc6+ Kg7 45. Nh5+ Kg8 46. Rc5 h6 47. Rc6 Kh7 48. Nf6+ Kg7 49. Nh5+ Kh7 50. Nf6+ Kg7 51. Ng4 h5 52. Ne5 Bb1 53. Rc5 g4 54. Ra5 Kh6 55. Ra6+ Kg7 1/2-1/2

[Event "Nordisk Mesterskab Ungdom U17 2026"]
[Site "Fredericia"]
[Date "2026.02.14"]
[Round "4.2"]
[White "Magnussen, Petur Gardar"]
[Black "Asikainen, Eeli"]
[Result "0-1"]
[WhiteElo "1951"]
[BlackElo "2138"]
[WhiteFideId "7203802"]
[BlackFideId "515990"]
[EventDate "2026.02.13"]
[EventType "swiss"]
[EventRounds "6"]
[EventCountry "DEN"]
[SourceTitle "Live v. Fredericia Chess Club"]

1. e4 e5 2. Nf3 Nc6 3. Bc4 Bc5 4. c3 Nf6 5. d3 a6 6. Nbd2 d6 7. a4 Ba7 8. Bb3 O-O 9. O-O h6 10. h3 Be6 11. Re1 Re8 12. Nf1 d5 13. exd5 Bxd5 14. Bc2 Qd7 15. Be3 Bxe3 16. Nxe3 Be6 17. Nf1 Bf5 18. Ng3 Bh7 19. Ne4 Bxe4 20. dxe4 Rad8 21. Qe2 Qe6 22. b4 Nh5 23. Kh2 Nf4 24. Qe3 Ne7 25. Rab1 Neg6 26. Bb3 Qc8 27. Bc4 Rd6 28. Bf1 Qd7 29. b5 axb5 30. axb5 Qe6 31. g3 Rd3 32. Qxd3 Nxd3 33. Bxd3 Rd8 34. Bf1 Ra8 35. c4 Ra3 36. Kg2 Nf4+ 37. gxf4 Qg6+ 38. Kh2 Rxf3 39. Rb2 Rxf4 40. Rd2 Qg5 41. Re3 Rxf2+ 0-1

[Event "Nordisk Mesterskab Ungdom U17 2026"]
[Site "Fredericia"]
[Date "2026.02.14"]
[Round "4.3"]
[White "Tripathi, Pratyush"]
[Black "Bjerg, Ludvig"]
[Result "1/2-1/2"]
[WhiteElo "2062"]
[BlackElo "1931"]
[WhiteFideId "1763121"]
[BlackFideId "1477676"]
[EventDate "2026.02.13"]
[EventType "swiss"]
[EventRounds "6"]
[EventCountry "DEN"]
[SourceTitle "Live v. Fredericia Chess Club"]

1. a3 d5 2. e3 e5 3. d4 exd4 4. exd4 Bd6 5. Bd3 Nf6 6. Nf3 O-O 7. O-O h6 8. h3 Re8 9. Re1 Rxe1+ 10. Qxe1 Be6 11. Be3 Nbd7 12. Nbd2 1/2-1/2

[Event "Nordisk Mesterskab Ungdom U17 2026"]
[Site "Fredericia"]
[Date "2026.02.14"]
[Round "4.4"]
[White "Seiger, Vidar"]
[Black "Valpas, Jami"]
[Result "1/2-1/2"]
[WhiteElo "2308"]
[BlackElo "2112"]
[WhiteFideId "1756079"]
[BlackFideId "517046"]
[EventDate "2026.02.13"]
[EventType "swiss"]
[EventRounds "6"]
[EventCountry "DEN"]
[SourceTitle "Live v. Fredericia Chess Club"]

1. e4 c5 2. Nf3 g6 3. c3 Bg7 4. d4 cxd4 5. cxd4 d5 6. e5 a6 7. h3 Nc6 8. Nc3 f6 9. exf6 Nxf6 10. Be2 O-O 11. O-O Qd6 12. Re1 e6 13. Be3 Ne4 14. Rc1 Nxc3 15. Rxc3 Re8 16. Bf1 Bd7 17. Rc1 Rac8 18. Qd2 e5 19. dxe5 Nxe5 20. Nxe5 Bxe5 21. Rxc8 Rxc8 22. Rd1 Bc6 23. Bd4 Bxd4 24. Qxd4 Qe6 25. g3 Qe4 26. Bg2 Qxd4 27. Rxd4 Rd8 28. f4 Kf7 29. Kf2 Ke6 30. Bf3 Kd6 31. Rd1 Re8 32. b4 b6 33. h4 Ra8 34. Ke3 1/2-1/2

[Event "Nordisk Mesterskab Ungdom U17 2026"]
[Site "Fredericia"]
[Date "2026.02.14"]
[Round "4.5"]
[White "Briem, Gudrun Fanney"]
[Black "Khoo Thwe, Louis"]
[Result "0-1"]
[WhiteElo "2004"]
[BlackElo "2252"]
[WhiteFideId "2317486"]
[BlackFideId "1538756"]
[EventDate "2026.02.13"]
[EventType "swiss"]
[EventRounds "6"]
[EventCountry "DEN"]
[SourceTitle "Live v. Fredericia Chess Club"]

1. d4 Nf6 2. c4 e6 3. g3 d5 4. Bg2 Bb4+ 5. Nd2 O-O 6. Nf3 dxc4 7. Qc2 b5 8. a4 bxa4 9. O-O Bb7 10. Nxc4 Nbd7 11. Rxa4 Be7 12. Bf4 Be4 13. Qd2 Nb6 14. Nxb6 cxb6 15. Rc1 Nd5 16. Ne5 Bxg2 17. Kxg2 Bd6 18. Kh1 b5 19. Raa1 Nxf4 20. gxf4 Bxe5 21. fxe5 Qh4 22. Qe3 g6 23. Rc5 Rfd8 24. f4 a6 25. b4 Rd7 26. Qf3 Rda7 27. Rb1 Kg7 28. Qg3 Qh5 29. Rb2 Rd8 30. Rd2 Qf5 31. Qg5 Qe4+ 32. Kg1 Rad7 33. Kf2 Rxd4 34. Qf6+ Kg8 35. Rxd4 Qxd4+ 36. Kf3 Rf8 37. Rc1 Qxb4 38. Rd1 a5 39. h4 h5 40. Rd8 a4 41. Qg5 a3 42. Rxf8+ Qxf8 43. f5 a2 44. Qc1 Qa8+ 0-1

[Event "Nordisk Mesterskab Ungdom U17 2026"]
[Site "Fredericia"]
[Date "2026.02.14"]
[Round "4.6"]
[White "Oskarsson, Markus Orri"]
[Black "Jamil, Emil Jacobsen"]
[Result "1-0"]
[WhiteElo "1989"]
[BlackElo "1789"]
[WhiteFideId "2320118"]
[BlackFideId "7204183"]
[EventDate "2026.02.13"]
[EventType "swiss"]
[EventRounds "6"]
[EventCountry "DEN"]
[SourceTitle "Live v. Fredericia Chess Club"]

1. d4 f5 2. g3 Nf6 3. Bg2 g6 4. Nf3 Bg7 5. O-O O-O 6. c4 d6 7. Nc3 c6 8. Qc2 Qe8 9. e4 e5 10. exf5 Bxf5 11. Qb3 Rf7 12. dxe5 dxe5 13. Ng5 Re7 14. Nge4 Na6 15. Be3 Rd8 16. Nxf6+ Bxf6 17. Ne4 Bg7 18. c5+ Be6 19. Qc3 Red7 20. Nd6 Qe7 21. Rad1 e4 22. Qc1 Bd5 23. Rfe1 h6 24. a3 b6 25. b4 Nc7 26. Bxh6 Bf6 27. Qf4 g5 28. Qf5 Nb5 29. Bxe4 Nxd6 30. Bxd5+ Kh8 31. cxd6 Qxd6 32. Re6 1-0

[Event "Nordisk Mesterskab Ungdom U17 2026"]
[Site "Fredericia"]
[Date "2026.02.14"]
[Round "4.7"]
[White "Normann Topp, Xavi"]
[Black "Granlien, Aslak Sander"]
[Result "1-0"]
[WhiteElo "1833"]
[BlackElo "1400"]
[WhiteFideId "1476106"]
[EventDate "2026.02.13"]
[EventType "swiss"]
[EventRounds "6"]
[EventCountry "DEN"]
[SourceTitle "Live v. Fredericia Chess Club"]

1. c4 e5 2. g3 Nf6 3. Bg2 Bc5 4. Nc3 Nc6 5. e3 a6 6. Nge2 d6 7. h3 Be6 8. d4 exd4 9. exd4 Nxd4 10. Nxd4 Bxc4 11. Nde2 c6 12. O-O O-O 13. b3 Be6 14. Bb2 d5 15. Nf4 Bf5 16. Rc1 Bd6 17. Nce2 Qa5 18. a4 Ne4 19. g4 Bxf4 20. Nxf4 Bg6 21. Nxg6 hxg6 22. Qd4 Nf6 23. g5 Nh5 24. Bf3 f6 25. Kh1 Rae8 26. Rg1 Qc7 27. Bxh5 gxh5 28. gxf6 Qd7 29. Rxg7+ Qxg7 30. fxg7 1-0

[Event "Nordisk Mesterskab Ungdom U17 2026"]
[Site "Fredericia"]
[Date "2026.02.15"]
[Round "5.1"]
[White "Frydendahl, Noah Skotte"]
[Black "Bjerg, Ludvig"]
[Result "1/2-1/2"]
[WhiteElo "2055"]
[BlackElo "1931"]
[WhiteFideId "1473239"]
[BlackFideId "1477676"]
[EventDate "2026.02.13"]
[EventType "swiss"]
[EventRounds "6"]
[EventCountry "DEN"]
[SourceTitle "Live v. Fredericia Chess Club"]

1. Nf3 Nf6 2. d3 d5 3. b3 g6 4. Bb2 Bg7 5. Nbd2 O-O 6. e4 c5 7. exd5 Nxd5 8. Bxg7 Kxg7 9. Ne4 Nc6 10. Qd2 b6 11. d4 Nxd4 12. Nxd4 cxd4 13. Qxd4+ Nf6 14. Qb2 Bb7 15. Bd3 Qc7 16. Nxf6 exf6 17. O-O Qc6 1/2-1/2

[Event "Nordisk Mesterskab Ungdom U17 2026"]
[Site "Fredericia"]
[Date "2026.02.15"]
[Round "5.2"]
[White "Asikainen, Eeli"]
[Black "Haug, Havard"]
[Result "0-1"]
[WhiteElo "2138"]
[BlackElo "2412"]
[WhiteFideId "515990"]
[BlackFideId "1547887"]
[EventDate "2026.02.13"]
[EventType "swiss"]
[EventRounds "6"]
[EventCountry "DEN"]
[SourceTitle "Live v. Fredericia Chess Club"]

1. e4 c6 2. d4 d5 3. e5 c5 4. dxc5 e6 5. a3 Bxc5 6. b4 Be7 7. Bb2 a5 8. b5 Nd7 9. Nf3 Nh6 10. Bd3 f6 11. O-O Nf7 12. c4 Ndxe5 13. Nxe5 fxe5 14. Nc3 d4 15. Ne4 b6 16. Qg4 O-O 17. Bc1 Ra7 18. Bd2 Nd6 19. Rfe1 Nf5 20. a4 Kh8 21. Rac1 Rc7 22. Rc2 Bb7 23. Rec1 Bxe4 24. Qxe4 Rc5 25. Re1 Bg5 26. g3 Bxd2 27. Rxd2 g6 28. h4 Kg7 29. Kg2 Qa8 30. Qxa8 Rxa8 31. Bxf5 gxf5 32. f4 Rxc4 33. fxe5 h5 34. Kf2 Rd8 35. Rd3 Rd5 0-1

[Event "Nordisk Mesterskab Ungdom U17 2026"]
[Site "Fredericia"]
[Date "2026.02.15"]
[Round "5.3"]
[White "Tripathi, Pratyush"]
[Black "Seiger, Vidar"]
[Result "0-1"]
[WhiteElo "2062"]
[BlackElo "2308"]
[WhiteFideId "1763121"]
[BlackFideId "1756079"]
[EventDate "2026.02.13"]
[EventType "swiss"]
[EventRounds "6"]
[EventCountry "DEN"]
[SourceTitle "Live v. Fredericia Chess Club"]

1. d4 g6 2. Nf3 Bg7 3. c4 d6 4. e3 Nc6 5. Nc3 e5 6. Be2 exd4 7. exd4 Bg4 8. Be3 Nge7 9. O-O O-O 10. d5 Bxf3 11. Bxf3 Ne5 12. Be2 Nf5 13. Bd2 Re8 14. Rc1 a6 15. Re1 Qh4 16. b3 Nd4 17. Be3 Nxe2+ 18. Rxe2 Ng4 19. h3 Nxe3 20. Rxe3 Rxe3 21. fxe3 Re8 22. Qf3 Rxe3 0-1

[Event "Nordisk Mesterskab Ungdom U17 2026"]
[Site "Fredericia"]
[Date "2026.02.15"]
[Round "5.4"]
[White "Khoo Thwe, Louis"]
[Black "Normann Topp, Xavi"]
[Result "1-0"]
[WhiteElo "2252"]
[BlackElo "1833"]
[WhiteFideId "1538756"]
[BlackFideId "1476106"]
[EventDate "2026.02.13"]
[EventType "swiss"]
[EventRounds "6"]
[EventCountry "DEN"]
[SourceTitle "Live v. Fredericia Chess Club"]

1. e4 c5 2. Nf3 g6 3. d4 cxd4 4. Nxd4 Bg7 5. c4 Nc6 6. Be3 Nf6 7. Nc3 d6 8. Be2 O-O 9. O-O Bd7 10. h3 Nxd4 11. Bxd4 a5 12. Qc2 a4 13. Rad1 Bc6 14. c5 Qc7 15. cxd6 exd6 16. Nd5 Qd8 17. Nxf6+ Bxf6 18. Qc3 Bxd4 19. Rxd4 Qe7 20. Qb4 Rfd8 21. a3 Qg5 22. Rfd1 Qe5 23. Bf3 Ra5 24. Rd5 Rxd5 25. exd5 Bd7 26. Re1 Qf6 27. Qb6 Kf8 28. Qxb7 Bxh3 29. gxh3 Qxf3 30. Qe7+ 1-0

[Event "Nordisk Mesterskab Ungdom U17 2026"]
[Site "Fredericia"]
[Date "2026.02.15"]
[Round "5.5"]
[White "Valpas, Jami"]
[Black "Oskarsson, Markus Orri"]
[Result "0-1"]
[WhiteElo "2112"]
[BlackElo "1989"]
[WhiteFideId "517046"]
[BlackFideId "2320118"]
[EventDate "2026.02.13"]
[EventType "swiss"]
[EventRounds "6"]
[EventCountry "DEN"]
[SourceTitle "Live v. Fredericia Chess Club"]

1. e4 c5 2. Nf3 d6 3. d4 cxd4 4. Nxd4 Nf6 5. Nc3 Nc6 6. Bc4 Qb6 7. Nb3 e6 8. Bf4 Ne5 9. Be2 Bd7 10. Be3 Qc7 11. Nb5 Qb8 12. f4 Nc6 13. Nc3 Be7 14. g4 Bc8 15. Qd2 a6 16. a4 b6 17. Bf3 Qc7 18. Nd4 Bb7 19. Nxc6 Bxc6 20. Qd4 O-O 21. O-O b5 22. g5 Nd7 23. axb5 axb5 24. Be2 Qb7 25. Qb4 Nc5 26. Bd3 f6 27. f5 fxg5 28. Rxa8 Qxa8 29. Bxb5 exf5 30. Bxc6 Qxc6 31. Qc4+ Kh8 32. exf5 Qb7 33. b4 Nd7 34. Qe4 Qxe4 35. Nxe4 Rc8 36. Rd1 Rxc2 37. Nxd6 Ne5 38. Bf2 Ng4 39. Re1 Nxf2 40. Rxe7 Nh3+ 41. Kf1 h5 42. b5 Rb2 43. Re8+ Kh7 44. Rb8 g4 45. b6 Rxh2 46. Re8 Rb2 47. b7 g3 48. Re2 g2+ 49. Rxg2 Rb1+ 50. Ke2 Nf4+ 51. Kf3 Nxg2 52. Kxg2 Kg8 53. Kg3 Rb4 54. Ne4 h4+ 55. Kh3 Rxb7 56. Nf2 Rb3+ 57. Kxh4 Rf3 58. Nh3 Rxf5 59. Ng5 g6 60. Kg4 Kg7 61. Ne4 Ra5 62. Ng5 Ra4+ 63. Kg3 Kf6 64. Nh3 Kf5 65. Nf2 g5 66. Nd1 Ra3+ 67. Kg2 Kf4 68. Nf2 g4 0-1

[Event "Nordisk Mesterskab Ungdom U17 2026"]
[Site "Fredericia"]
[Date "2026.02.15"]
[Round "5.6"]
[White "Jamil, Emil Jacobsen"]
[Black "Magnussen, Petur Gardar"]
[Result "1-0"]
[WhiteElo "1789"]
[BlackElo "1951"]
[WhiteFideId "7204183"]
[BlackFideId "7203802"]
[EventDate "2026.02.13"]
[EventType "swiss"]
[EventRounds "6"]
[EventCountry "DEN"]
[SourceTitle "Live v. Fredericia Chess Club"]

1. c4 e5 2. g3 Nf6 3. Bg2 c6 4. Nf3 e4 5. Nd4 Qb6 6. Nb3 d5 7. cxd5 cxd5 8. Nc3 Nc6 9. d3 Bb4 10. Bd2 exd3 11. exd3 Be6 12. O-O O-O 13. d4 Rfe8 14. Bg5 Be7 15. Rc1 Rad8 16. Na4 Qc7 17. Nac5 Bc8 18. Re1 Ne4 19. Bxe7 Rxe7 20. a3 Nf6 21. Qd3 Rde8 22. Rxe7 Qxe7 23. Nd2 h6 24. Nf3 Qe2 25. b4 Qb2 26. Qc3 Re2 27. Nd3 Qxc3 28. Rxc3 Ne4 29. Rc1 Bf5 30. Nh4 Nxd4 31. Nxf5 Nxf5 32. Nf4 Ra2 33. Nxd5 Nf6 34. Rc8+ Kh7 35. Nxf6+ gxf6 36. Be4 Rxa3 37. Bxf5+ Kg7 38. Rc7 b6 39. b5 Ra5 40. Bd7 Kg6 41. Be8 Ra4 42. Rxf7 Kf5 43. Kg2 Re4 44. Bc6 Ra4 45. h3 Kg6 46. Re7 Ra3 47. Be4+ f5 48. Re6+ Kg7 49. Bxf5 1-0

[Event "Nordisk Mesterskab Ungdom U17 2026"]
[Site "Fredericia"]
[Date "2026.02.15"]
[Round "5.7"]
[White "Granlien, Aslak Sander"]
[Black "Briem, Gudrun Fanney"]
[Result "0-1"]
[WhiteElo "1400"]
[BlackElo "2004"]
[BlackFideId "2317486"]
[EventDate "2026.02.13"]
[EventType "swiss"]
[EventRounds "6"]
[EventCountry "DEN"]
[SourceTitle "Live v. Fredericia Chess Club"]

1. e4 c5 2. Bc4 e6 3. Nf3 Nc6 4. O-O a6 5. a3 b5 6. Be2 Nf6 7. d3 Be7 8. Be3 d5 9. exd5 Nxd5 10. c3 O-O 11. a4 Bb7 12. axb5 axb5 13. Nbd2 Rxa1 14. Qxa1 Nxe3 15. fxe3 Qb6 16. d4 Rd8 17. Rf2 e5 18. Qa2 Ra8 19. Qb3 cxd4 20. cxd4 Ra1+ 21. Nf1 Na5 22. Qc3 b4 23. Qc2 e4 24. Ne5 b3 25. Qd2 Bb4 26. Bh5 Bxd2 27. Bxf7+ Kf8 28. Nd7+ Ke7 29. Nxb6 Bxe3 30. Nd5+ Bxd5 31. Bxd5 Bxd4 32. h3 Rb1 33. Bxe4 Rxb2 34. Ng3 Bxf2+ 35. Kh2 Bxg3+ 36. Kxg3 Re2 37. Bxh7 b2 38. Kf3 0-1

[Event "Nordisk Mesterskab Ungdom U17 2026"]
[Site "Fredericia"]
[Date "2026.02.15"]
[Round "6.1"]
[White "Seiger, Vidar"]
[Black "Frydendahl, Noah Skotte"]
[Result "1/2-1/2"]
[WhiteElo "2308"]
[BlackElo "2055"]
[WhiteFideId "1756079"]
[BlackFideId "1473239"]
[EventDate "2026.02.13"]
[EventType "swiss"]
[EventRounds "6"]
[EventCountry "DEN"]
[SourceTitle "Live v. Fredericia Chess Club"]

1. Nf3 d5 2. g3 Nf6 3. Bg2 e6 4. O-O Be7 5. c4 O-O 6. d4 c6 7. Nc3 b6 8. Ne5 Bb7 9. e4 Nbd7 10. Nxc6 Bxc6 11. exd5 exd5 12. cxd5 Bb7 13. d6 Bxg2 14. dxe7 Qxe7 15. Kxg2 Rfd8 16. Qf3 Nf8 17. Bg5 Ne6 18. Rfe1 Nxg5 19. Rxe7 Nxf3 20. Kxf3 Rxd4 21. Rd1 Rxd1 22. Nxd1 Kf8 23. Rb7 Rd8 24. Ne3 Rd7 25. Rb8+ Ne8 26. Ra8 f6 27. b3 Kf7 28. Nc4 Ke7 29. h4 1/2-1/2

[Event "Nordisk Mesterskab Ungdom U17 2026"]
[Site "Fredericia"]
[Date "2026.02.15"]
[Round "6.2"]
[White "Oskarsson, Markus Orri"]
[Black "Haug, Havard"]
[Result "0-1"]
[WhiteElo "1989"]
[BlackElo "2412"]
[WhiteFideId "2320118"]
[BlackFideId "1547887"]
[EventDate "2026.02.13"]
[EventType "swiss"]
[EventRounds "6"]
[EventCountry "DEN"]
[SourceTitle "Live v. Fredericia Chess Club"]

1. d4 Nf6 2. c4 e6 3. Nc3 d5 4. cxd5 exd5 5. Bg5 Be7 6. e3 h6 7. Bh4 c6 8. Bd3 O-O 9. Nge2 Re8 10. O-O a5 11. f3 Na6 12. Qd2 Nc7 13. Rae1 b5 14. Bf2 b4 15. Na4 Ba6 16. Rc1 Bb5 17. Bxb5 cxb5 18. Nc5 Ra7 19. Nf4 Bd6 20. Nfd3 Qe7 21. Rfe1 Ne6 22. Nxe6 Qxe6 23. Bg3 Bxg3 24. hxg3 Rc8 25. Nc5 Qe8 26. a3 bxa3 27. bxa3 Nd7 28. Nxd7 Qxd7 29. Rc3 Rc4 30. Rb1 Qc7 31. Rxc4 bxc4 32. Rb5 Qxg3 33. Rxd5 Rb7 34. Qc2 g6 35. Rc5 Qe1+ 36. Kh2 Qh4+ 37. Kg1 Qe1+ 38. Kh2 Qxe3 39. Qe4 Qxe4 40. fxe4 Rb3 41. a4 Re3 42. e5 c3 43. Rxa5 Re4 44. d5 Rh4+ 45. Kg3 Rc4 46. d6 c2 47. d7 c1=Q 48. d8=Q+ Kh7 49. Qf6 Qe1+ 50. Kh3 Rc3+ 51. Kh2 Qg3+ 0-1

[Event "Nordisk Mesterskab Ungdom U17 2026"]
[Site "Fredericia"]
[Date "2026.02.15"]
[Round "6.3"]
[White "Bjerg, Ludvig"]
[Black "Khoo Thwe, Louis"]
[Result "0-1"]
[WhiteElo "1931"]
[BlackElo "2252"]
[WhiteFideId "1477676"]
[BlackFideId "1538756"]
[EventDate "2026.02.13"]
[EventType "swiss"]
[EventRounds "6"]
[EventCountry "DEN"]
[SourceTitle "Live v. Fredericia Chess Club"]

1. e4 e5 2. Nf3 Nc6 3. Bb5 a6 4. Ba4 Nf6 5. d3 b5 6. Bb3 Be7 7. O-O O-O 8. Re1 d6 9. c3 Na5 10. Bc2 c5 11. h3 Nc6 12. d4 cxd4 13. cxd4 exd4 14. Nxd4 Nxd4 15. Qxd4 Be6 16. Nc3 Rc8 17. Be3 Qa5 18. a3 Nd7 19. Qd2 Ne5 20. Nd5 Qxd2 21. Nxe7+ Kh8 22. Bxd2 Rxc2 23. Bc3 Nd3 24. Rad1 Nxe1 25. Rxe1 Re8 26. Nc6 Rc8 27. Nb4 R2xc3 28. bxc3 Rxc3 29. Nxa6 Rxa3 30. Nc7 Bc4 31. Nd5 Bxd5 32. exd5 Ra8 33. Kf1 Rb8 34. Re3 b4 35. Rb3 g6 36. Ke2 Kg7 37. Kd3 Kf6 38. Ke4 h5 39. h4 Rb5 40. Rf3+ Kg7 41. Rb3 f6 42. Kf4 Kf7 43. g3 Ke7 44. Ke4 Kd7 45. f3 Kc7 46. g4 Kb6 47. gxh5 gxh5 48. f4 Kc5 49. Kf5 Kxd5 50. Kxf6 Ke4 51. f5 Rxf5+ 52. Ke6 Rb5 53. Kxd6 Kd4 54. Kc6 Kc4 55. Rf3 Re5 56. Rf4+ Kb3 57. Rf3+ Ka2 58. Rf2+ Ka3 59. Kd6 Ra5 60. Rf1 b3 61. Ra1+ Kb4 62. Rb1 Kc3 0-1